<?xml version="1.0" encoding="UTF-8"?>
<record
    xmlns:xsi="http://www.w3.org/2001/XMLSchema-instance"
    xsi:schemaLocation="http://www.loc.gov/MARC21/slim http://www.loc.gov/standards/marcxml/schema/MARC21slim.xsd"
    xmlns="http://www.loc.gov/MARC21/slim">

  <leader>01819nam a22002657a 4500</leader>
  <controlfield tag="007">ta</controlfield>
  <controlfield tag="008">200130b2003    ck ||||b |||| 00| f spa d</controlfield>
  <datafield tag="020" ind1=" " ind2=" ">
    <subfield code="a">958047446X</subfield>
  </datafield>
  <datafield tag="040" ind1=" " ind2=" ">
    <subfield code="a">CO-JMCR</subfield>
    <subfield code="c">CO-JMCR</subfield>
  </datafield>
  <datafield tag="041" ind1=" " ind2=" ">
    <subfield code="a">spa</subfield>
    <subfield code="h">eng</subfield>
  </datafield>
  <datafield tag="082" ind1=" " ind2=" ">
    <subfield code="a">N</subfield>
    <subfield code="b">SPIz</subfield>
  </datafield>
  <datafield tag="100" ind1="1" ind2=" ">
    <subfield code="a">Spinelli, Jerry, </subfield>
    <subfield code="e">autor</subfield>
    <subfield code="9">96</subfield>
  </datafield>
  <datafield tag="245" ind1="1" ind2=" ">
    <subfield code="a">Zinkoff, el inutil / </subfield>
    <subfield code="c">Jerry Spinelli ; traducci&#xF3;n de Manuel Ponbo ; Ilustraciones de Rafael Yockteng</subfield>
  </datafield>
  <datafield tag="260" ind1=" " ind2=" ">
    <subfield code="a">Bogot&#xE1; : </subfield>
    <subfield code="b">Norma, </subfield>
    <subfield code="c">2003</subfield>
  </datafield>
  <datafield tag="300" ind1=" " ind2=" ">
    <subfield code="a">240 p&#xE1;ginas : </subfield>
    <subfield code="b">ilustraciones en blanco y negro ; </subfield>
    <subfield code="c">19 cm.</subfield>
  </datafield>
  <datafield tag="440" ind1=" " ind2=" ">
    <subfield code="a">Torre de papel </subfield>
    <subfield code="n">Torre Amarilla </subfield>
    <subfield code="9">97</subfield>
  </datafield>
  <datafield tag="500" ind1=" " ind2=" ">
    <subfield code="a">Datos biogr&#xE1;ficos del autor tapa posterior</subfield>
  </datafield>
  <datafield tag="505" ind1="1" ind2=" ">
    <subfield code="a">Poco a poco vamos creciendo -- El ancho mundo -- Ganar -- El primer d&#xED;a de Zinkoff -- Todos a bordo -- Una pregunta maravillosa -- Jabip&#xED; -- Dos nuevos amigos -- &#xA1;Campeones! -- El cartero -- Las casas que empiezan -- Por el n&#xFA;mero 900 -- A la espera -- El monstruo de la caldera -- Descubierto -- La gran verbena -- Lo que dicen los relojes -- El mejor amigo -- El caramelo en su mano -- En ninguna parte -- Un asunto dif&#xED;cil y espinoso -- El &#xFA;ltimo por siempre -- El invisible -- La nieve -- Claudia... -- Lo que es un muchacho -- Por su cuenta -- Castigado -- A&#xFA;n all&#xED; -- Zinkoff</subfield>
  </datafield>
  <datafield tag="520" ind1=" " ind2="3">
    <subfield code="a">Donald Zinkoff es aquel chico que siempre es el &#xFA;ltimo de la clase, que todo lo hace mal, y de quien nadie quiere hacerse amigo. Sin embargo, Zincoff es diferente a este rechazo, por que su inocencia, sus ilusiones y la alegr&#xED;a que siente ante cada uno de los aspectos de su vida cotidiana son m&#xE1;s fuertes que lo que el mundo pueda opinar de &#xE9;l.</subfield>
  </datafield>
  <datafield tag="650" ind1=" " ind2="4">
    <subfield code="z">estadounidense </subfield>
    <subfield code="9">98</subfield>
  </datafield>
  <datafield tag="650" ind1=" " ind2="2">
    <subfield code="9">99</subfield>
  </datafield>
  <datafield tag="700" ind1=" " ind2=" ">
    <subfield code="a">Pombo, Juan Manuel, </subfield>
    <subfield code="9">100</subfield>
  </datafield>
  <datafield tag="700" ind1=" " ind2=" ">
    <subfield code="a">Yockteng, Rafael, </subfield>
    <subfield code="9">101</subfield>
  </datafield>
  <datafield tag="999" ind1=" " ind2=" ">
    <subfield code="c">6415</subfield>
    <subfield code="d">6415</subfield>
  </datafield>
  <datafield tag="952" ind1=" " ind2=" ">
    <subfield code="0">0</subfield>
    <subfield code="1">0</subfield>
    <subfield code="2">ddc</subfield>
    <subfield code="4">0</subfield>
    <subfield code="7">0</subfield>
    <subfield code="a">CPL</subfield>
    <subfield code="b">CPL</subfield>
    <subfield code="c">PROC</subfield>
    <subfield code="d">2019-12-19</subfield>
    <subfield code="e">Donaci&#xF3;n</subfield>
    <subfield code="g">0.00</subfield>
    <subfield code="l">3</subfield>
    <subfield code="o">N SPIz</subfield>
    <subfield code="p">201809726</subfield>
    <subfield code="r">2026-01-22 20:46:22</subfield>
    <subfield code="s">2026-01-22</subfield>
    <subfield code="t">Ej.1</subfield>
    <subfield code="w">2020-01-30</subfield>
    <subfield code="y">BK</subfield>
  </datafield>
</record>
